| 000 | 00733nam a2200217 a 4500 | ||
|---|---|---|---|
| 001 | 55642 | ||
| 003 | BD-RjUL | ||
| 005 | 20211209080308.0 | ||
| 008 | 161120s1947 nyu||||| |||| 00| 0 eng d | ||
| 035 | _a(BD-RjUL)55766 | ||
| 040 |
_aBD-RjUL _beng _cBD-RjUL |
||
| 041 | _aeng | ||
| 082 |
_223 _a907.2 _bNEP 1947 |
||
| 100 | 1 |
_aNeff, Emery _9165757 |
|
| 245 | 1 | 4 |
_aThe poetry of history : _bthe contribution of literature and literary scholarship to the writing of history since Voltaire / _cEmery Neff |
| 260 |
_aNew York : _bColumbia Univ. Press, _c1947. |
||
| 300 |
_aviii, 258 p. ; _c20 cm |
||
| 504 | _aIncludes Bibliographical References and Index | ||
| 650 |
_aHistoriography _xLiterature and history _9165758 |
||
| 942 |
_2ddc _cBK |
||
| 999 |
_c55642 _d55642 |
||